Bídníci 1

Bibliographic Details
Other Authors: Dayan, Josée (Director)
Format: Video DVD
Language:English
Czech
PhysicalDescription:1 videodisk (DVD) (89 min.) zvuk, fareb., PAL, 4:3 12 cm
Published: Bratislava Intersonic [2010]
Subjects:

MARC

LEADER 00000ngm a2200000 a 4500
001 vtls010123919
003 SK-MaSNL
005 20260301143036.0
007 vd cvaizs
008 100818s2010 xo 089 e vleng
040 |a SNK  |b slo  |c SNK  |e AACR2 
041 1 |a eng  |a cze  |h eng 
044 |a xo  |c SK 
072 7 |a 791  |x Film. Cirkus. Ľudová zábava  |2 konspekt 
080 |a 791.224  |2 2001 
080 |a (0.034.44)  |2 2001 
130 4 |a Les misérables  |n 1  |l Česky  |9 499417 
245 1 0 |a Bídníci  |n 1  |h videozáznam  |c [réžia] Josée Dayan 
260 |a Bratislava  |b Intersonic  |c [2010] 
300 |a 1 videodisk (DVD) (89 min.)  |b zvuk, fareb., PAL, 4:3  |c 12 cm 
500 |a Názov z obalu 
511 0 |a Hrajú: Gérard Depardieu, Christian Clavier, John Malkovich a ďalší 
521 8 |a Mládeži do 12 r. nevhodné 
546 |a V originálnom angl. znení, český dabing 
650 0 7 |a hrané filmy  |2 SNKPH  |9 68885 
650 0 7 |a historické filmy  |2 SNKPH  |9 68711 
655 7 |a DVD  |2 SNKPH  |9 70751 
700 1 |a Dayan, Josée  |4 drt  |9 325906 
999 |c 772407  |d 774337 
952 |a SNK  |b SNK  |y PREZ  |7 0  |p 17A0667895  |o snkSDVD 788/1  |i snk2010/17624  |8 0  |0 0  |1 0  |4 0  |d 2010-08-18  |l 0  |r 2026-02-24 00:39:10  |w 2026-02-24 
952 |a SNK  |b SNK  |y PREZ  |7 0  |p 17A0674235  |o snkSDVD 788/1 D1  |i snk2010/20960  |8 0  |0 0  |1 0  |4 0  |d 2010-09-30  |l 0  |r 2026-02-24 00:39:10  |w 2026-02-24